World Issues Exam Review - Statistics

General Stats
  • This quiz has been taken 4 times
  • The average score is 30 of 46
Answers on the Map
Answers color-coded by a green-red scale on the quiz's map according to % correct below.
 
Answer Stats
Country % Correct
Brazil
100%
Afghanistan
67%
Argentina
67%
Austria
67%
Belgium
67%
Canada
67%
Chile
67%
China
67%
Cuba
67%
Denmark
67%
Egypt
67%
Ethiopia
67%
Finland
67%
France
67%
Germany
67%
Haiti
67%
Iceland
67%
India
67%
Iran
67%
Iraq
67%
Ireland
67%
Israel
67%
Italy
67%
Jordan
67%
Kenya
67%
Kuwait
67%
Mexico
67%
Netherlands
67%
Norway
67%
Poland
67%
Portugal
67%
Russia
67%
Saudi Arabia
67%
Somalia
67%
South Africa
67%
Spain
67%
Sudan
67%
Sweden
67%
Switzerland
67%
Syria
67%
Turkey
67%
Ukraine
67%
United Kingdom
67%
United States
67%
Nigeria
33%
Rwanda
33%
No matching quizzes found
Score Distribution
Percent of People with Each Score
Percentile by Number Answered
Your Score History
You have not taken this quiz